Киевский календарь В. Фабрициуса... ... на 1891 г.$90: ... на 1891 г. (Запись № 4093224)
[ простой вид ]
| 000 -МАРКЕР | |
|---|---|
| контрольное поле | 01392nam2a22002291 4500 |
| 001 - ИДЕНТИФИКАТОР ЗАПИСИ | |
| контрольное поле | v19\rc\1264054 |
| 005 - ИДЕНТИФИКАТОР ВЕРСИИ | |
| контрольное поле | 20250618002423.0 |
| 035 ## - ДРУГИЕ СИСТЕМНЫЕ НОМЕРА | |
| Идентификатор записи | (NLR Aleph) 004417717 |
| 100 ## - ДАННЫЕ ОБЩЕЙ ОБРАБОТКИ | |
| Данные общей обработки | 20060306d1893 |||y0rusy50 ca |
| 101 0# - ЯЗЫК РЕСУРСА | |
| Язык текста, звукозаписи и т.д. | русский |
| 102 ## - СТРАНА ПУБЛИКАЦИИ ИЛИ ПРОИЗВОДСТВА | |
| Страна публикации | Российская Федерация |
| 105 ## - ПОЛЕ КОДИРОВАННЫХ ДАННЫХ: ТЕКСТОВЫЕ МАТЕРИАЛЫ, МОНОГРАФИЧЕСКИЕ | |
| Кодированные данные о монографическом текстовом документе | y z ||||| |
| 200 0# - ЗАГЛАВИЕ И СВЕДЕНИЯ ОБ ОТВЕТСТВЕННОСТИ | |
| Основное заглавие | ... на 1891 г. |
| Сведения, относящиеся к заглавию | (Простой) год |
| -- | 11-й год изд. |
| 210 ## - ПУБЛИКАЦИЯ, РАСПРОСТРАНЕНИЕ И ДР. | |
| Дата издания, распространения и т.д. | 1893 |
| Место издания, распространения и т.д. | Б. м. |
| 215 ## - ФИЗИЧЕСКАЯ ХАРАКТЕРИСТИКА | |
| Специфическое обозначение материала и объем | [1], 224 с. |
| 461 #0 - УРОВЕНЬ НАБОРА | |
| Встроенное поле | 001v19\rc\1264053 |
| -- | 2001#$aКиевский календарь В. Фабрициуса...$eС адрес-календарем города Киева$fРед. В. Фабрициус, астроном наблюдатель Ун-та св. Владимира$v... на 1891 г.$90 |
| -- | 700#1$aФабрициус$bВ.И.$f1845-1895$gВасилий Иванович$4340 |
| Системный номер (АБИС) связанной записи | 4093215 |
| Автор | Фабрициус, В.И. (1845-1895) |
| Место публикации | Киев |
| Дата публикации | 1893 |
| Издание | 2-е изд. Печ. со стереотипп. |
| Первые сведения об ответственности | Ред. В. Фабрициус, астроном наблюдатель Ун-та св. Владимира |
| Имя издателя, распространителя и т.д. | паровая хромо-лито-тип. Г.Т. Корчак-Новицкого |
| Сведения, относящиеся к заглавию | С адрес-календарем города Киева |
| Заглавие | Киевский календарь В. Фабрициуса... |
| Номер тома | ... на 1891 г.$90 |
| 801 #0 - ИСТОЧНИК ЗАПИСИ | |
| Страна | Российская Федерация |
| Организация | NLR |
| Правила каталогизации | psbo |
| 801 #1 - ИСТОЧНИК ЗАПИСИ | |
| Страна | Российская Федерация |
| Организация | ProSoft-M |
| Источник данных | rusmarc |
| 852 ## - МЕСТОНАХОЖДЕНИЕ И ШИФР ХРАНЕНИЯ | |
| Идентификатор организации | NLR |
| Шифр хранения (Call Number) | 18.284.4.47 |
| 942 ## - ДОПОЛНИТЕЛЬНЫЕ ЭЛЕМЕНТЫ ЗАПИСИ (АБИС) | |
| Тип экземпляра АБИС | Книга |
| 980 ## - КОЛЛЕКЦИЯ | |
| Название коллекции | Национальная библиография |
| Тип экземпляра | Дата поступления | Библиотека постоянного хранения | Библиотека текущего хранения | Место хранения | Шифр хранения | Штрих-код | Статус экземпляра |
|---|---|---|---|---|---|---|---|
| Книга | 26.10.2013 | РНБ (Садовая) | РНБ (Садовая) | Русский книжный фонд -Главное здание, Ленинский читальный зал | 18.284.4.47 | 4417717-10 |